000 00942cab a22002175a 4500
001 L141629
008 071206e20071124xxkad f s 000 0 eng d
035 _a(Sirsi) u141629
041 0 _aeng
100 1 _aHiggins, Lawrence
245 0 0 _aEG industrial
260 _c2007
490 0 _aEstates Gazette
_v(0747) 24 November 2007, 121-133(6)
520 _aReports on the EG European Industrial Summit held in Warsaw, October 2007. Summarises a selection of specially commissioned research papers, including facing logistics challenges in Europe, doing business in Russia, ports and airports, entering new markets. Examines future trends impacting on European and international including, outsourcing of manufacturing, the cost and flexibility of labour and the green agenda.
590 _aKA
651 4 _aEurope
690 _aPROPERTY-INDUSTRIAL PROPERTY
700 1 _aPio Kivlehan, Noella
700 1 _aClift, Patrick
942 _n0
999 _c79552
_d79552